Sports Quiz

Random Sports or Golf Quiz

Clickable Golf Terms Quiz Stats

Quiz Updated Jun 14, 2016

Challenge
Share
Tweet
Embed
Score 0/22 Timer 04:00
1 Play Today
% Correct
Caddie
93%
Divot
90.2%
Bunker
89.8%
Lie
86.8%
Grip
82.9%
Line
77.2%
Backspin
76.8%
Aiming
75.4%
Dynamic Balance
75.3%
Hook
74.9%
Break
72%
% Correct
Waggle
71.4%
Shank
70.6%
Yips
70.2%
Plugged Lie
68.9%
Pitch-and-Run
68.7%
Touch
68.6%
Loft
65.7%
Spoon
55.5%
Dormie
54.5%
Takeaway
54%
Draw
50.9%

You're not logged in!

Compare scores with friends on all Sporcle quizzes.
Join for Free
OR
Log In

You Might Also Like...

Show Comments

Extras

Top Quizzes Today


Score Distribution

Your Account Isn't Verified!

In order to create a playlist on Sporcle, you need to verify the email address you used during registration. Go to your Sporcle Settings to finish the process.

Report this User

Report this user for behavior that violates our Community Guidelines.

Details: